Of principals and projects /

Bibliographic Details
Main Author: Wyant, Spencer H.
Corporate Author: National Teacher Corps (U.S.)
Other Authors: Reinhard, Diane L., Arends, Richard
Format: Book
Language:English
Published: Reston, Va. (Suite ATE, 1900 Association Drive, Reston 22091) : Association of Teacher Educators, 1980.
Subjects:

MARC

Tag First Indicator Second Indicator Subfields
LEADER 00000cam a2200000 a 4500
001 in00000070507
005 20151008061801.0
008 810815s1980 vaua b 00010 eng
010 |a  80069486  
035 |a (OCoLC)07159399 
035 |9 AAJ8811AM 
039 0 |a 2  |b 3  |c 3  |d 3  |e 3 
040 |a DLC  |c DLC  |d TXA  |d UtOrBLW 
049 |a TXAM  |c [1802944] 
050 0 0 |a LB2831.9  |b .W93 
082 0 |a 371.2/012  |2 19 
100 1 |a Wyant, Spencer H. 
245 1 0 |a Of principals and projects /  |c by Spencer H. Wyant with Diane L. Reinhard and Richard I. Arends ; developed by Teachers [as printed] Corps. 
264 1 |a Reston, Va. (Suite ATE, 1900 Association Drive, Reston 22091) :  |b Association of Teacher Educators,  |c 1980. 
300 |a xii, 239 pages :  |b illustrations ;  |c 22 cm. 
336 |a text  |b txt  |2 rdacontent 
337 |a unmediated  |b n  |2 rdamedia 
338 |a volume  |b nc  |2 rdacarrier 
504 |a Bibliography: pages 235-239. 
650 0 |a School principals. 
650 0 |a School management and organization. 
700 1 |a Reinhard, Diane L. 
700 1 |a Arends, Richard. 
710 2 |a National Teacher Corps (U.S.) 
999 |a MARS 
999 f f |s 47c68959-66c1-32ce-9668-88f498a8750f  |i 75415f42-1446-318b-83f4-6410a9a22608  |t 0 
952 f f |p ric  |a Texas A&M University  |b Rellis Campus  |c Joint Library Facility  |d Remote Storage  |t 0  |e LB2831.9 .W93  |h Library of Congress classification  |i unmediated -- volume  |m A14806162386 
998 f f |a LB2831.9 .W93  |t 0  |l Remote Storage